Statistics for Sky Full of Stars - Coldplay

Click here to take the quiz!

General Stats

  • This quiz has been taken 173 times
  • The average score is 129 of 154

Answer Stats

Answer% Correct
Sky,
100%
Sky
100%
Stars
100%
Full
99%
You
99%
I
98%
Of
98%
A
97%
Your
93%
‘Cause
91%
You’re
89%
Me
84%
Apart
83%
Care
83%
Care,
83%
Do,
83%
Don’t
83%
In
83%
Heart,
82%
Heart
82%
Give
81%
My
81%
If
78%
Think
77%
And
75%
Go
75%
The
75%
Tear
72%
Saw
70%
Up
69%
I’m
68%
Light
68%
On
68%
Gonna
67%
Wanna
62%
See
57%
Arms,
49%
Die
48%
Path
47%
It
45%
Dark
44%
Get
42%
More
38%
Such
38%
Gets
37%
View
36%
Heavenly
35%
Lighter
30%
Yeah,
26%

Score Distribution

Percentile by Number Answered

Percent of People with Each Score

Your Score History

You have not taken this quiz